News reporting and feature article writing (Record no. 83337)

MARC details
000 -LEADER
fixed length control field 00668nam a22002177a 4500
003 - CONTROL NUMBER IDENTIFIER
control field CBULib
005 - DATE AND TIME OF LATEST TRANSACTION
control field 20231027094106.0
008 - FIXED-LENGTH DATA ELEMENTS--GENERAL INFORMATION
fixed length control field 231027b |||||||| |||| 00| 0 eng d
020 ## - INTERNATIONAL STANDARD BOOK NUMBER
International Standard Book Number 9783659577161
040 ## - CATALOGING SOURCE
Original cataloging agency CBULib
Language of cataloging English
Transcribing agency CBULib
Description conventions rda
050 ## - LIBRARY OF CONGRESS CALL NUMBER
Classification number FTS(02)2014/1
100 ## - MAIN ENTRY--PERSONAL NAME
Personal name Franklin Tembo senior
245 ## - TITLE STATEMENT
Title News reporting and feature article writing
Statement of responsibility, etc /by Franklin Tembo senior
260 ## - PUBLICATION, DISTRIBUTION, ETC. (IMPRINT)
Name of publisher, distributor, etc Mission press,
Date of publication, distribution, etc 2014
Place of publication, distribution, etc Saarbrücken :
300 ## - PHYSICAL DESCRIPTION
Extent 265 pages,
Other physical details 23 cm
336 ## - CONTENT TYPE
Source rdacontent
Content type term Text |
Content type code txt
337 ## - MEDIA TYPE
Source rdamedia
Media type term Unmediated |
Media type code n
338 ## - CARRIER TYPE
Source rdacarrier
Carrier type term Volume
Carrier type code nc
504 ## - BIBLIOGRAPHY, ETC. NOTE
Bibliography, etc Includes bibliographic reference
942 ## - ADDED ENTRY ELEMENTS (KOHA)
Source of classification or shelving scheme
Koha item type MONOGRAPH
Holdings
Withdrawn status Lost status Source of classification or shelving scheme Damaged status Not for loan Collection code Permanent Location Current Location Shelving location Date acquired Full call number Barcode Date last seen Copy number Price effective from Koha item type Public note
          Special Collections CBU-MAIN LIBRARY, KITWE. CBU-MAIN LIBRARY, KITWE. Special Collections 10/27/2023 FTS(02)2014/1 B90493 10/27/2023 2 10/27/2023 MONOGRAPH Awaiting cataloguing